Composição química e atividade in vitro de três óleos essenciais sobre Colletotrichum gloeosporioides do maracujazeiro (Registro n. 299612)
[ somente texto ]
| 000 -LÍDER | |
|---|---|
| fixed length control field | 04606nab a2200313 i 4500 |
| 003 - CÓDIGO MARC DA AGÊNCIA CATALOGADORA | |
| Campo de controle | BR-BrBNA |
| 005 - DATA E HORA DA ÚLTIMA ATUALIZAÇÃO | |
| Campo de controle | 20240515130026.0 |
| 008 - CAMPO DE TAMANHO FIXO | |
| fixed length control field | 240515b2014 bl.qr|pooa||| 00| 0 por | |
| 040 ## - FONTE DA CATALOGAÇÃO | |
| Agência catalogadora | BR-BrBNA |
| Idioma da catalogação | por |
| 072 ## - CATEGORIA AGRIS | |
| Código AGRIS | F60 |
| 072 ## - CATEGORIA AGRIS | |
| Código AGRIS | H20 |
| 100 ## - ENTRADA PRINCIPAL - NOME PESSOAL | |
| Nome pessoal | Aquino, C.F. |
| 100 ## - ENTRADA PRINCIPAL - NOME PESSOAL | |
| Nome pessoal | Sales, N.L.P. |
| 100 ## - ENTRADA PRINCIPAL - NOME PESSOAL | |
| Nome pessoal | Soares, E.P.S. |
| 100 ## - ENTRADA PRINCIPAL - NOME PESSOAL | |
| Nome pessoal | Martins, E.R. |
| 100 ## - ENTRADA PRINCIPAL - NOME PESSOAL | |
| Nome pessoal | Costa, C.A. |
| 245 ## - TÍTULO PRINCIPAL | |
| Título principal | Composição química e atividade in vitro de três óleos essenciais sobre Colletotrichum gloeosporioides do maracujazeiro |
| 500 ## - NOTA GERAL | |
| Nota geral | Publicação on-line; 25 ref.; 2 tables; 3 illus.; Summaries (En, Pt) |
| 942 ## - ADDED ENTRY ELEMENTS (KOHA) | |
| Koha item type | |
| 520 ## - NOTA DE RESUMO | |
| Nota de conteúdo | <br/><br/>RESUMO: <br/><br/>Objetivou-se avaliar a ação de diferentes concentrações de óleos essenciais de<br/>três plantas medicinais sobre o crescimento micelial, a produção e a germinação de conídios<br/>de Colletotrichum gloeosporioides (Penz.). Utilizou-se os óleos essenciais de Lippia sidoides<br/>Cham., Cymbopogon citratus (DC) Stapf.) e Ocimum gratissimum L. em cinco concentrações<br/>(0 µL mL-1, 1 µL mL-1, 3 µL mL-1, 5 µL mL-1 e 7 µL mL-1) com 4 repetições no delineamento<br/>inteiramente casualizado, em esquema fatorial 5x3. Os óleos foram analisados por cromatografia<br/>gasosa acoplada com espectrometria de massas. Para todas as características verificou-se<br/>efeito significativo da interação “Óleo” versus “Concentração”. O óleo essencial de C. citratus<br/>proporcionou a maior inibição do crescimento micelial em todas as concentrações testadas.<br/>Os outros óleos não se diferenciaram, exceto a partir da concentração de 5 µL mL-1, onde<br/>o óleo de L. sidoides foi superior ao óleo de O. gratissimum. Na produção e germinação de<br/>conídios, o óleo de C. citratus, foi superior aos óleos de L. sidoides e de O. gratissimum nas<br/>concentrações de 1 µL mL-1 e 3 µL mL-1, inibindo completamente a produção e germinação<br/>a partir da concentração de 3 µL mL-1. As concentrações influenciam em todas as variáveis,<br/>ajustando-se à equação do modelo linear. Observa-se o decréscimo nessas, à medida em que<br/>se aumentam as concentrações dos óleos testados. Os óleos essenciais testados possuem<br/>efeito fungitóxico e fungistático.<br/><br/>Palavras-chave: Colletotrichum gloeosporioides, compostos vegetais, controle de fitopatógenos |
| 520 ## - NOTA DE RESUMO | |
| Nota de conteúdo | <br/><br/>ABSTRACT: <br/><br/>Chemical composition and in vitro activity of three essential oils on<br/>Colletotrichum gloeosporioides from passion fruit. The objective of this study was to<br/>evaluate the action of different concentrations of essential oils of three medicinal plants on the<br/>mycelial growth, production and conidial germination of Colletotrichum gloeosporioides (Penz.).<br/>We used a completely randomized design, in a 5x3 factorial design, being five concentrations<br/>(0 µL mL-1, 1 µL mL-1, 3 µL mL-1, 5 µL mL-1 e 7 µL mL-1) x three oils from Lippia sidoides Cham.,<br/>Cymbopogon citratus (DC) Stapf. and Ocimum gratissimum L., with four replications. The<br/>oils were analyzed by gas chromatography with mass spectrometry. There was a significant<br/>interaction of concentration versus species on all analyzed traits. The essential oil from C.<br/>citratus yielded the highest mycelial growth inhibition at all concentrations. The other oils were<br/>not differentiated, except at the concentration of 5μL mL-1, in which the oil of L. sidoides was<br/>more efficient that the oil of O. gratissimum. In conidial production and germination, the oil of<br/>C. citratus was superior to the oil of L. sidoides and O. gratissimum at the concentrations of<br/>1 µL mL-1 and 3 µL mL-1, as it completely inhibited the production and germination of conidia<br/>at the concentrations of 3 µL mL-1 and above. The concentrations influenced all the variables,<br/>adjusting themselves to the linear model equation. We observed a decrease in the variables,<br/>as the concentrations of the oils tested are increased. The essential oils used have antifungal<br/>and fungicidal effect.<br/><br/>Keywords: Colletotrichum gloeosporioides, vegetable compounds, control of phytopathogens. |
| 650 ## - ASSUNTO - THESAGRO | |
| Cabeçalho tópico ou nome geográfico | COLLETOTRICHUM GLOEOSPORIOIDES |
| 650 ## - ASSUNTO - THESAGRO | |
| Cabeçalho tópico ou nome geográfico | COMPOSIÇÃO QUÍMICA |
| 650 ## - ASSUNTO - THESAGRO | |
| Cabeçalho tópico ou nome geográfico | CONTROLE |
| 650 ## - ASSUNTO - THESAGRO | |
| Cabeçalho tópico ou nome geográfico | DOENÇA DE PLANTA |
| 773 0# - ENTRADA ANALÍTICA | |
| Host Biblionumber | 3543 |
| Registro do item | 315250 |
| Imprenta | Botucatu-SP Instituto de Biociências - Departamento de Química e Bioquímica 1998 |
| Outro identificador | 2024-1501 |
| Título | Revista Brasileira de Plantas Medicinais (Brazil) |
| ISSN | 1516-0572 |
| Colação | v. 16(2 suppl. 1) p. 329-336; (2014) |
| Número de controle de registro | BR2024000768 |
| 856 ## - ACESSO E ENDEREÇO ELETRÔNICO | |
| Identificador uniforme de recurso - URI | https://www.scielo.br/j/rbpm/a/tVVjzfz4h9PxwcxND3xknHz/?format=pdf&lang=pt |
Nenhum exemplar disponível.

BINAGRI